000 00650nam a2200229 i 4500
001 bg
100 1 _aMajchrzycka-Guzowska, Alina
_d(1942-).
245 1 0 _aPodatki w gospodarce narodowej /
_cAlina Majchrzycka-Guzowska.
260 _aWarszawa :
_bPaństwowe Wydawnictwo Naukowe,
_c1990.
300 _a202, [2] s. :
_btabl. ;
_c21 cm.
504 _aBibliogr. przy rozdz.
650 4 _aPodatek
_zPolska
655 _aPodręczniki akademickie
020 _a8301098899
040 _cBPK
041 0 _apol
044 _aPOL
080 _a336.2(438)(075.8)
920 _a83-01-09889-9
942 _cKS
008 100831s1990 pl a |000 0 pol
999 _c49657
_d49657
856 _uhttp://koha.tu.koszalin.pl/cgi-bin/koha/opac-detail.pl?biblionumber=49657
_yKatalog online BPK